Statistics for Famous National Monuments

Click here to take the quiz!

General Stats

  • This quiz has been taken 40 times
  • The average score is 9 of 16

Answer Stats

Answer% Correct
Eiffel Tower
97%
Statue of Liberty
91%
Leaning Tower of Pisa
84%
Great Wall of China
81%
Taj Mahal
78%
Burj Khalifa
75%
Mount Rushmore
69%
Sydney Opera House
69%
Brandenburg Gate
50%
Christ the Redeemer
47%
Parthenon
44%
Hagia Sophia
38%
St Basil's Cathedral
31%
Great Pyramids of Giza
28%
Houses of Parliament
9%
Himeji Castle
6%

Score Distribution

Percentile by Number Answered

Percent of People with Each Score

Your Score History

You have not taken this quiz